Loading...
| Current Events | 1 | 20.00 | 100% | 100% | 0% |
| Fine Arts - Classical Music | 4 | 12.50 | 100% | 25% | 0% |
| Fine Arts - Other | 8 | 12.50 | 63% | 38% | 25% |
| Fine Arts - Painting and Sculpture | 5 | 10.00 | 80% | 20% | 0% |
| Geography | 1 | 20.00 | 100% | 100% | 0% |
| History - American | 2 | 15.00 | 100% | 50% | 0% |
| History - European | 6 | 13.33 | 100% | 33% | 0% |
| History - Other | 5 | 12.00 | 80% | 40% | 0% |
| History - World | 5 | 16.00 | 60% | 80% | 20% |
| Literature - American | 5 | 8.00 | 80% | 0% | 0% |
| Literature - British | 1 | 10.00 | 100% | 0% | 0% |
| Literature - European | 6 | 6.67 | 50% | 17% | 0% |
| Literature - World | 4 | 12.50 | 100% | 25% | 0% |
| Mythology | 2 | 15.00 | 100% | 50% | 0% |
| Other Academic | 1 | 20.00 | 100% | 100% | 0% |
| Philosophy | 4 | 10.00 | 75% | 25% | 0% |
| Pop Culture | 1 | 20.00 | 100% | 100% | 0% |
| Religion | 6 | 10.00 | 83% | 17% | 0% |
| Science - Biology | 4 | 5.00 | 25% | 25% | 0% |
| Science - Chemistry | 2 | 5.00 | 50% | 0% | 0% |
| Science - Other | 3 | 10.00 | 67% | 33% | 0% |
| Science - Physics | 3 | 10.00 | 100% | 0% | 0% |
| Social Science | 4 | 12.50 | 75% | 25% | 25% |